000 00527nam a22001817a 4500
999 _c11140
_d11140
003 OSt
008 220413b ||||| |||| 00| 0 eng d
020 _a9789352994076
082 _a669.1 CHF
100 _aCHUNAWALLA, S.A.
245 _aFoundations of Advertising : Theory & Practice
250 _a9th Revised Edtition
260 _aNew Delhi
_bHimalaya Publishing House
_c2019
300 _a600
650 _aFoundations of Advertising : theory & Practice (B.COM) Commerce
700 _aSETHIA, K.C.
942 _2ddc
_cBK